Normal view
MARC view
Entry Corporate Name
001 - CONTROL NUMBER
- control field: 556764
003 - CONTROL NUMBER IDENTIFIER
- control field: OSt
005 - DATE AND TIME OF LATEST TRANSACTION
- control field: 20220930094924.0
008 - FIXED-LENGTH DATA ELEMENTS
- fixed length control field: 220930|| aca||aabn | a|a d
040 ## - CATALOGING SOURCE
- Original cataloging agency: OSt
- Transcribing agency: OSt
110 ## - HEADING--CORPORATE NAME
- Corporate name or jurisdiction name as entry element: दिल्ली विश्वविद्यायल. कला संकाय. हिन्दी
670 ## - SOURCE DATA FOUND
- Source citation: Work cat.: (OSt)887963: सिंह, बीरेन्द्र, गा., काशीनाथ सिंह के कथा-साहित्य का समाज भाषावैज्ञानिक अध्ययन।, 2016
